000 00329nam a22001457a 4500
003 OSt
008 250129b |||||||| |||| 00| 0 eng d
020 _a9789355329578
100 _aBALAGURUSAMY,E
245 _aDesign Thinking
260 _aNew Delhi
_bTMH
_c-
300 _a177
700 _aVIJAYAKUMAR,Bindu
942 _2ddc
_cBK
999 _c13051
_d13051